| 000 | 01009nam a2200241 a 4500 | ||
|---|---|---|---|
| 001 | 36790 | ||
| 003 | BD-RjUL | ||
| 005 | 20211209052536.0 | ||
| 008 | 140904s1944 ii ||||e |||| 00| 0 ben d | ||
| 020 | _cPRs. 2.50 | ||
| 035 | _a(BD-RjUL)36892 | ||
| 040 |
_aBD-RjUL _bben _cBD-RjUL |
||
| 041 | _aben | ||
| 082 |
_223 _a891.44301 _bBAT 1944 |
||
| 100 |
_aবন্দ্যোপাধ্যায়, তারাশঙ্কর _9112225 |
||
| 245 | 1 | 0 |
_a১৩৫০ / _cতারাশঙ্কর বন্দ্যোপাধ্যায় |
| 260 |
_aকলিকাতা : _bরঞ্জন পাবলিশিং হাউস, _c১৯৪৪ [১৩৫১]. |
||
| 300 |
_a[৪], ১২৮ পৃ. ; _c ১৮ সেমি. |
||
| 600 |
_x _9120238 |
||
| 650 |
_aবাংলা উপন্যাস _9111928 |
||
| 650 |
_aBengali Fiction _9112169 |
||
| 942 |
_2ddc _cBK |
||
| 999 |
_c36790 _d36790 |
||